01016nam a22002537a 45000010005000000030006000050050017000110080041000280200018000690400029000870500008001160820012001241000026001362450063001622600048002253000057002734900029003305050007003595200301003665210018006675210018006856500025007037000034007289886FISKH20260312094936.0260311b cb ||||| |||| 00| 0 eng d a9780721415444 aFISKHbengcFISKHdFISKH aPZ7 a823.914 aDaly, Audrey eAuthor aTom thumb /cBy Audrey Daly ; illustrated by Peter Steven  aLoughborough : bLadybird Books Ltd ,c1993 a26 unnumbered pages : bcolor illustrations ;c18 cm aLadybird favourite tales aG  aTom Thumb is a very little boy, who although he is just about the size of his father's thumb is very adventurous and his curiosity gets him into some difficult situations. With courage, wit and the help of some animal friends, Tom shows that though he may be a very small boy, he is a great hero.8 a340 bLexile 8 aG bRaz-Plus  aFairy talesvFiction aSteven, Peter eIllustrator